000
00299nam a2200121Ia 4500
008
220204s9999 xx 000 0 und d
082
_a
519.218.2
_b
JOF
245
0
_a
Branching processes
260
_a
New York
_b
Marcel Dekker
_c
1978
700
_a
Joffe, Anatole
700
_a
Ney, Peter
942
_c
BK
999
_c
31399
_d
31399